[Event "New York Marshall IM-E 07"]
[Site "New York"]
[Date "2025.07.13"]
[Round "9"]
[White "Shangin, Lev"]
[Black "Hoffman, Luc William C"]
[Result "1-0"]
[WhiteElo "2169"]
[BlackElo "2219"]
[PlyCount "71"]
[EventDate "2025.07.09"]
[EventType "tourn"]
[EventRounds "9"]
[EventCountry "USA"]
[SourceTitle "CB29_2025"]
[SourceDate "2025.07.16"]
[SourceVersion "1"]
[SourceVersionDate "2025.07.16"]
[SourceQuality "1"]

1. d4 d5 2. c4 dxc4 3. Nf3 Nf6 4. e3 Be6 5. Nc3 c6 6. a4 g6 7. Ng5 Bg4 8. f3 Bc8 9. Bxc4 e6 10. 0-0 Bg7 11. e4 h6 12. Nh3 Ng8 13. Be3 Ne7 14. Nf2 0-0 15. Qd2 Kh7 16. Rfd1 Nd7 17. Rac1 a6 18. Ra1 b6 19. a5 b5 20. Ba2 Bb7 21. b4 Qb8 22. e5 Rd8 23. Qe1 Bc8 24. Nfe4 Nf5 25. Bf2 Bf8 26. g4 Ng7 27. Bh4 Bb7 28. Bxd8 Qxd8 29. Nc5 Bc8 30. N3e4 Be7 31. Rac1 Qf8 32. Qe3 f5 33. exf6 Nxf6 34. Rf1 Qd8 35. Rcd1 Bd7 36. Bb1 1-0

[Event "New York Marshall IM-E 07"]
[Site "New York"]
[Date "2025.07.12"]
[Round "7"]
[White "Shangin, Lev"]
[Black "Weisz, Bryan"]
[Result "1-0"]
[WhiteElo "2169"]
[BlackElo "2059"]
[PlyCount "111"]
[EventDate "2025.07.09"]
[EventType "tourn"]
[EventRounds "9"]
[EventCountry "USA"]
[SourceTitle "CB29_2025"]
[SourceDate "2025.07.16"]
[SourceVersion "1"]
[SourceVersionDate "2025.07.16"]
[SourceQuality "1"]

1. d4 d5 2. c4 Nf6 3. cxd5 c6 4. dxc6 Nxc6 5. Nf3 e5 6. dxe5 Qxd1+ 7. Kxd1 Ng4 8. Ke1 g6 9. Bd2 Bg7 10. Bc3 Ngxe5 11. e3 0-0 12. Nxe5 Nxe5 13. Nd2 Be6 14. Nb3 Rac8 15. Nd4 Bd5 16. f3 a6 17. Kf2 Nc6 18. Be2 Nxd4 19. exd4 Rfd8 20. Rhd1 Rc6 21. f4 Rcd6 22. Bb4 R6d7 23. Ba5 b6 24. Bc3 Bb7 25. g3 b5 26. a3 Bxd4+ 27. Bxd4 Rxd4 28. Rxd4 Rxd4 29. Rd1 Rxd1 30. Bxd1 Kf8 31. Ke3 Ke7 32. Kd4 Kd6 33. b4 Bd5 34. Bg4 f5 35. Bd1 Be6 36. Bf3 Bc8 37. Bd5 h6 38. h4 Bd7 39. Bf7 Ke7 40. Bxg6 Kd6 41. Bh5 Bc8 42. Bf3 Bd7 43. Bd1 Bc6 44. Bc2 Bd7 45. Bd1 Be8 46. g4 Bd7 47. g5 hxg5 48. hxg5 Be8 49. Bb3 Bh5 50. Bd5 Be8 51. Bb7 Bg6 52. Bxa6 Be8 53. Bb7 Kc7 54. Bf3 Kd6 55. Be2 Bd7 56. Bd3 1-0

[Event "New York Marshall IM-E 07"]
[Site "New York"]
[Date "2025.07.11"]
[Round "6"]
[White "Ragnarsson, Dagur"]
[Black "Shangin, Lev"]
[Result "1-0"]
[WhiteElo "2365"]
[BlackElo "2169"]
[PlyCount "99"]
[EventDate "2025.07.09"]
[EventType "tourn"]
[EventRounds "9"]
[EventCountry "USA"]
[SourceTitle "CB29_2025"]
[SourceDate "2025.07.16"]
[SourceVersion "1"]
[SourceVersionDate "2025.07.16"]
[SourceQuality "1"]

1. Nf3 Nf6 2. g3 b5 3. Bg2 Bb7 4. d3 c5 5. e4 d6 6. 0-0 e6 7. d4 Nbd7 8. e5 dxe5 9. dxe5 Nd5 10. Na3 a6 11. c4 Nc7 12. Qe2 Be7 13. Rd1 0-0 14. Bf4 b4 15. Nb1 Qc8 16. Nbd2 Rd8 17. Ne4 Ne8 18. h4 h6 19. Nh2 Nf8 20. Rxd8 Bxd8 21. Qh5 f5 22. exf6 Nxf6 23. Qe2 Nxe4 24. Bxe4 Bc7 25. Bxb7 Qxb7 26. Be3 Qe4 27. Qf3 Qxf3 28. Nxf3 Bd6 29. Rd1 Be7 30. Ne5 Rc8 31. b3 Bf6 32. Nd7 Nxd7 33. Rxd7 Rc6 34. h5 Be5 35. Kf1 Kf8 36. Ke2 Ke8 37. Ra7 Kd8 38. Kd3 Kc8 39. Rf7 Kd8 40. Ke4 Bc3 41. Ra7 Bf6 42. Bf4 Ke8 43. Be5 Kf8 44. f4 Kg8 45. g4 Kf8 46. g5 Bxe5 47. Kxe5 hxg5 48. fxg5 Kg8 49. g6 Rc8 50. Kxe6 1-0

[Event "Marshall IM-C"]
[Site "New York"]
[Date "2025.05.25"]
[Round "6"]
[White "Iinuma, Paul Y"]
[Black "Shangin, Lev"]
[Result "0-1"]
[WhiteElo "2075"]
[BlackElo "2089"]
[PlyCount "102"]
[EventDate "2025.05.22"]
[EventType "tourn"]
[EventRounds "9"]
[EventCountry "USA"]
[SourceTitle "CB22_2025"]
[SourceDate "2025.05.28"]
[SourceVersion "1"]
[SourceVersionDate "2025.05.28"]
[SourceQuality "1"]

1. e4 c5 2. Nf3 d6 3. d4 cxd4 4. Nxd4 Nf6 5. Nc3 a6 6. Be3 e5 7. Nf3 Qc7 8. a4 Be6 9. Nd5 Nxd5 10. exd5 Qa5+ 11. c3 Qxd5 12. Qc2 h6 13. Nd2 Nd7 14. Be2 Qc6 15. 0-0 d5 16. Nf3 Be7 17. Qd2 0-0 18. b4 Qc7 19. Ne1 Rac8 20. Rc1 Bf6 21. Nd3 e4 22. Nc5 Nxc5 23. Bxc5 Bg5 24. Be3 Qe5 25. Rfe1 Bxe3 26. Qxe3 Rc7 27. f4 Qf6 28. c4 dxc4 29. Qxe4 Bf5 30. Qe3 Re7 31. Qf2 b5 32. axb5 axb5 33. Red1 Qb2 34. Bxc4 Qxf2+ 35. Kxf2 bxc4 36. Rxc4 Rb8 37. Rd2 Reb7 38. Rb2 Be6 39. Rd4 Kf8 40. h3 h5 41. Kg3 Ke7 42. Kh4 g6 43. g4 hxg4 44. hxg4 Rh8+ 45. Kg3 Rh1 46. Re2 Kf6 47. g5+ Ke7 48. Rb2 Rh3+ 49. Kg2 Rc3 50. b5 Rb6 51. Rdb4 Rc4 0-1

[Event "Princeton op"]
[Site "Princeton"]
[Date "2025.04.16"]
[Round "1"]
[White "Shangin, Lev"]
[Black "Matviishen, Viktor"]
[Result "1/2-1/2"]
[WhiteElo "2109"]
[BlackElo "2550"]
[PlyCount "94"]
[EventDate "2025.04.16"]
[EventType "swiss"]
[EventRounds "9"]
[EventCountry "USA"]
[SourceTitle "CB17_2025"]
[SourceDate "2025.04.23"]
[SourceVersion "1"]
[SourceVersionDate "2025.04.23"]
[SourceQuality "1"]

1. d4 Nf6 2. c4 c6 3. Nc3 d5 4. Nf3 e6 5. Bg5 h6 6. Bh4 Nbd7 7. e3 Be7 8. Rc1 0-0 9. Bd3 dxc4 10. Bxc4 Nd5 11. Bxe7 Qxe7 12. 0-0 Nxc3 13. bxc3 e5 14. Re1 e4 15. Nd2 Nf6 16. Rb1 h5 17. Qc2 h4 18. h3 Bf5 19. Bf1 Rac8 20. c4 c5 21. d5 Bh7 22. Qa4 b6 23. Qd1 Ne8 24. a4 Nd6 25. a5 Rb8 26. axb6 axb6 27. Rb3 f5 28. Qb1 Qc7 29. Qb2 Rf6 30. Qe5 Qd8 31. Qf4 Rf8 32. Qe5 Re8 33. Qb2 Qc7 34. Rb1 Nc8 35. Be2 Rf8 36. Rf1 Kh8 37. f4 Bg6 38. Rb1 Ra8 39. Ra1 Rxa1+ 40. Qxa1 Be8 41. Ra3 Bd7 42. Ra8 Kh7 43. Qe5 Qb7 44. Qb8 Qxb8 45. Rxb8 Rf6 46. Nb1 b5 47. Rb7 Be8 1/2-1/2

[Event "Edward Lasker Memorial 108th"]
[Site "New York"]
[Date "2024.12.15"]
[Round "6"]
[White "Klenoff, Caleb"]
[Black "Shangin, Lev"]
[Result "1/2-1/2"]
[WhiteElo "2063"]
[BlackElo "1991"]
[PlyCount "108"]
[EventDate "2024.12.12"]
[EventType "swiss"]
[EventRounds "7"]
[EventCountry "USA"]
[SourceTitle "CB51_2024"]
[SourceDate "2024.12.18"]
[SourceVersion "1"]
[SourceVersionDate "2024.12.18"]
[SourceQuality "1"]

1. e4 c5 2. c3 Nf6 3. e5 Nd5 4. d4 cxd4 5. Nf3 d6 6. exd6 Qxd6 7. cxd4 Nc6 8. Nc3 Bg4 9. Be2 e6 10. h3 Bh5 11. Qb3 Qb4 12. g4 Bg6 13. 0-0 Qxb3 14. axb3 0-0-0 15. Nxd5 Rxd5 16. Bc4 Rd7 17. Be3 Be4 18. Ne5 Nxe5 19. dxe5 a6 20. f3 Bd3 21. Rac1 Bxc4 22. Rxc4+ Kb8 23. Rfc1 Be7 24. Kf2 h5 25. f4 hxg4 26. hxg4 Rh2+ 27. Kg3 Rh8 28. Kf3 g5 29. f5 exf5 30. gxf5 Rd3 31. f6 Bb4 32. Ke4 Rxb3 33. Bxg5 Rxb2 34. Bf4 Bd2 35. R1c2 Rxc2 36. Rxc2 Bxf4 37. Kxf4 a5 38. e6 fxe6 39. Ke5 Ka7 40. Ra2 Ka6 41. Kxe6 b5 42. f7 b4 43. Rg2 Rf8 44. Ke7 Rxf7+ 45. Kxf7 b3 46. Ke6 a4 47. Kd5 a3 48. Kc6 a2 49. Rg8 Ka7 50. Rg7+ Kb8 51. Rg8+ Ka7 52. Rg7+ Ka6 53. Rg8 Ka5 54. Kc5 Ka6 1/2-1/2

[Event "Edward Lasker Memorial 108th"]
[Site "New York"]
[Date "2024.12.15"]
[Round "7"]
[White "Zhu, Linxi"]
[Black "Shangin, Lev"]
[Result "1/2-1/2"]
[WhiteElo "2113"]
[BlackElo "1991"]
[PlyCount "115"]
[EventDate "2024.12.12"]
[EventType "swiss"]
[EventRounds "7"]
[EventCountry "USA"]
[SourceTitle "CB51_2024"]
[SourceDate "2024.12.18"]
[SourceVersion "1"]
[SourceVersionDate "2024.12.18"]
[SourceQuality "1"]

1. e4 c5 2. Nf3 d6 3. d4 cxd4 4. Nxd4 Nf6 5. Nc3 a6 6. h3 e5 7. Nde2 h5 8. g3 Be7 9. Bg2 b5 10. Nd5 Nxd5 11. Qxd5 Ra7 12. Be3 Bb7 13. Qd2 Ra8 14. 0-0 Nd7 15. Nc3 Nf6 16. Nd5 Bxd5 17. exd5 0-0 18. a4 Qc7 19. Ra3 Qb7 20. c3 Rfb8 21. axb5 axb5 22. Rfa1 Rxa3 23. Rxa3 Ra8 24. Rb3 Qd7 25. Qd3 Rb8 26. Rb4 Rb7 27. Kh2 Bd8 28. c4 bxc4 29. Qxc4 Ba5 30. Rxb7 Qxb7 31. Qc6 Qb8 32. Qa6 Bc7 33. b4 Nd7 34. Qc6 Nb6 35. Bg5 f6 36. Be3 g6 37. f4 Qd8 38. fxe5 fxe5 39. Be4 Kg7 40. b5 Qd7 41. Qc2 Bd8 42. Qd3 Qa7 43. Qc2 Qa4 44. Qxa4 Nxa4 45. Bg2 Kf7 46. Kg1 Bb6 47. Bxb6 Nxb6 48. Kf2 Na4 49. Ke3 Nc5 50. b6 Ke7 51. h4 Kd8 52. Bf1 Nd7 53. Bd3 Nxb6 54. Bxg6 Nxd5+ 55. Ke4 Nf6+ 56. Kf5 Ke7 57. Kg5 e4 58. Kf4 1/2-1/2

[Event "Edward Lasker Memorial 108th"]
[Site "New York"]
[Date "2024.12.12"]
[Round "1"]
[White "Shangin, Lev"]
[Black "Bortnyk, Mykola"]
[Result "0-1"]
[WhiteElo "1991"]
[BlackElo "2400"]
[PlyCount "78"]
[EventDate "2024.12.12"]
[EventType "swiss"]
[EventRounds "7"]
[EventCountry "USA"]
[SourceTitle "CB51_2024"]
[SourceDate "2024.12.18"]
[SourceVersion "1"]
[SourceVersionDate "2024.12.18"]
[SourceQuality "1"]

1. d4 d5 2. c4 Bf5 3. Nc3 e6 4. cxd5 exd5 5. Nf3 Nc6 6. a3 Nf6 7. Bg5 Be7 8. e3 0-0 9. Bd3 Bxd3 10. Qxd3 Re8 11. 0-0 Ne4 12. Bf4 Nxc3 13. bxc3 Na5 14. Nd2 Rc8 15. e4 dxe4 16. Nxe4 Qd5 17. Rfe1 Nc4 18. Qg3 Qc6 19. Nd2 Nxa3 20. Re5 Bf8 21. Rae1 Rxe5 22. Bxe5 f6 23. Bf4 Re8 24. Rxe8 Qxe8 25. h4 c6 26. c4 Nc2 27. Qd3 Qg6 28. Qxg6 hxg6 29. d5 cxd5 30. cxd5 Kf7 31. Ne4 Nb4 32. d6 Nc6 33. Nc5 b6 34. Na6 Ke6 35. Nc7+ Kd7 36. Nb5 a6 37. Nc7 Bxd6 38. Bxd6 Kxd6 39. Nxa6 Ke5 0-1

[Event "Wch U10"]
[Site "Montesilvano"]
[Date "2024.11.26"]
[Round "11"]
[White "Shangin, Lev"]
[Black "Tulegen, Ramazan"]
[Result "1/2-1/2"]
[WhiteElo "2056"]
[BlackElo "1818"]
[PlyCount "205"]
[EventDate "2024.11.15"]
[EventType "swiss"]
[EventRounds "11"]
[EventCountry "ITA"]
[SourceTitle "CB48_2024"]
[SourceDate "2024.11.28"]
[SourceVersion "1"]
[SourceVersionDate "2024.11.28"]
[SourceQuality "1"]

1. d4 Nf6 2. c4 g6 3. Nc3 d5 4. cxd5 Nxd5 5. e4 Nxc3 6. bxc3 Bg7 7. Bc4 c5 8. Ne2 Nc6 9. Be3 0-0 10. 0-0 b6 11. Qd2 Bb7 12. Rfd1 Rc8 13. Rac1 e6 14. Bg5 Qd7 15. h4 cxd4 16. cxd4 Na5 17. Bd3 Rxc1 18. Rxc1 Nc6 19. Bb5 a6 20. Bxc6 Bxc6 21. e5 Rc8 22. Ng3 Bb7 23. Rxc8+ Qxc8 24. Bh6 Bxh6 25. Qxh6 Qd8 26. Qf4 h5 27. Kh2 b5 28. Kh3 a5 29. Qd2 b4 30. Ne2 Qc7 31. Nf4 Be4 32. Kh2 Qc2 33. Qe3 a4 34. d5 Bxd5 35. Nxd5 exd5 36. e6 Qc7+ 37. g3 fxe6 38. Qxe6+ Qf7 39. Qc8+ Kh7 40. Qc2 Qa7 41. g4 Qb8+ 42. Kh3 Qf4 43. Qxa4 Qxg4+ 44. Kh2 Qxh4+ 45. Kg1 Qg4+ 46. Kh2 Qh4+ 47. Kg2 Qe7 48. Qc6 Kh6 49. Kf1 Qe5 50. Qc5 Qe4 51. Qc1+ Kg7 52. Qc7+ Kf6 53. Qd6+ Kg5 54. Qd8+ Kg4 55. Qd7+ Qf5 56. Qd6 Qd3+ 57. Kg2 Qf3+ 58. Kg1 d4 59. Qxd4+ Qf4 60. Qd7+ Kh4 61. Qd3 Kg5 62. Qd8+ Kf5 63. Qf8+ Kg4 64. Qc8+ Kh4 65. Qc6 Kg5 66. Qd5+ Kh6 67. Qg8 Qf6 68. Kg2 h4 69. Qc4 Qe7 70. Kh3 g5 71. Qc6+ Kh5 72. Qf3+ Kg6 73. Qc6+ Kf5 74. Qf3+ Ke5 75. Qe3+ Kd6 76. Qb6+ Kd5 77. Qb5+ Kd4 78. Qc6 Qe5 79. Qc2 Qe6+ 80. Kh2 Qe5+ 81. Kh3 Qe6+ 82. Kh2 g4 83. Qd2+ Kc5 84. Qg5+ Kc6 85. Qa5 Qd6+ 86. Kg1 Qd1+ 87. Kh2 Qd2 88. Kg1 Qe1+ 89. Kg2 h3+ 90. Kg3 Qg1+ 91. Kf4 Qxf2+ 92. Kxg4 h2 93. Qa6+ Kd5 94. Qb5+ Qc5 95. Qd7+ Kc4 96. Qf7+ Kc3 97. Qb3+ Kd2 98. Qb2+ Qc2 99. Qxb4+ Kd3 100. Qd6+ Kc3 101. Qc6+ Kb2 102. Qh1 Kxa2 103. Kh3 1/2-1/2

[Event "Wch U10"]
[Site "Montesilvano"]
[Date "2024.11.25"]
[Round "10"]
[White "Nguyen, Truong An Khang"]
[Black "Shangin, Lev"]
[Result "0-1"]
[WhiteElo "1836"]
[BlackElo "2056"]
[PlyCount "64"]
[EventDate "2024.11.15"]
[EventType "swiss"]
[EventRounds "11"]
[EventCountry "ITA"]
[SourceTitle "CB48_2024"]
[SourceDate "2024.11.28"]
[SourceVersion "1"]
[SourceVersionDate "2024.11.28"]
[SourceQuality "1"]

1. d4 Nf6 2. c4 e6 3. Nc3 Bb4 4. a3 Bxc3+ 5. bxc3 c5 6. f3 0-0 7. e4 Nc6 8. Be3 Qa5 9. Qd2 d6 10. Bd3 cxd4 11. cxd4 Qxd2+ 12. Kxd2 b6 13. Rc1 Ba6 14. Ne2 Na5 15. Rc3 Rfd8 16. Nf4 Rac8 17. Rhc1 Rc7 18. g4 Rdc8 19. c5 Bxd3 20. Kxd3 dxc5 21. dxc5 Nd7 22. cxb6 Ne5+ 23. Kd2 Nxf3+ 24. Kd3 Ne5+ 25. Kd2 Nb3+ 26. Rxb3 Rxc1 27. Bd4 R8c2+ 28. Ke3 Re1+ 29. Ne2 Rcxe2+ 30. Kf4 Rxe4+ 31. Kg3 axb6 32. Rxb6 h6 0-1

[Event "Wch U10"]
[Site "Montesilvano"]
[Date "2024.11.24"]
[Round "9"]
[White "Shangin, Lev"]
[Black "Todmunkh, Turbat"]
[Result "1-0"]
[WhiteElo "2056"]
[BlackElo "1773"]
[PlyCount "70"]
[EventDate "2024.11.15"]
[EventType "swiss"]
[EventRounds "11"]
[EventCountry "ITA"]
[SourceTitle "CB48_2024"]
[SourceDate "2024.11.28"]
[SourceVersion "1"]
[SourceVersionDate "2024.11.28"]
[SourceQuality "1"]

1. d4 Nf6 2. c4 g6 3. Nc3 Bg7 4. e4 d6 5. Nf3 0-0 6. Be2 Bg4 7. Be3 Bxf3 8. Bxf3 e5 9. d5 a5 10. g4 Nfd7 11. h4 Na6 12. Qd2 Ndc5 13. 0-0-0 Qd7 14. g5 a4 15. Rdg1 b6 16. Bg4 Qe7 17. f3 a3 18. b3 f5 19. gxf6 Bxf6 20. Be6+ Kh8 21. h5 g5 22. h6 Nb4 23. Bxc5 bxc5 24. Nd1 Nc6 25. dxc6 Qxe6 26. Ne3 Rae8 27. Nd5 Bd8 28. Rg3 Rf7 29. Rh5 Ref8 30. Qg2 Qg6 31. Rh1 Qe6 32. Ne3 g4 33. Rxg4 Rxf3 34. Rg7 Rxe3 35. Rg4 Ref3 1-0

[Event "Chesterfield SPICE Cup op 18th"]
[Site "Chesterfield"]
[Date "2024.10.18"]
[Round "9"]
[White "Shangin, Lev"]
[Black "Rahul, Mynala"]
[Result "1/2-1/2"]
[WhiteElo "2048"]
[BlackElo "1913"]
[PlyCount "77"]
[EventDate "2024.10.13"]
[EventType "swiss"]
[EventRounds "9"]
[EventCountry "USA"]
[SourceTitle "CB43_2024"]
[Source "Chessbase"]
[SourceDate "2024.10.23"]
[SourceVersion "1"]
[SourceVersionDate "2024.10.23"]
[SourceQuality "1"]

1. d4 d5 2. c4 e6 3. Nf3 Nf6 4. Nc3 Be7 5. Bf4 a6 6. cxd5 exd5 7. e3 Bf5 8. Bd3 Bxd3 9. Qxd3 Nbd7 10. 0-0 0-0 11. h3 Re8 12. Rac1 Rc8 13. Ne5 Bd6 14. Nxd7 Qxd7 15. Bxd6 Qxd6 16. Na4 Ne4 17. Nc5 Qb6 18. b3 c6 19. Nxe4 Rxe4 20. Rc5 Rce8 21. Rfc1 f5 22. g3 h5 23. h4 Qd8 24. Qd1 Rg4 25. Kf1 g5 26. hxg5 Qxg5 27. Qf3 h4 28. gxh4 Rxh4 29. R5c3 Rg4 30. Ke2 f4 31. Rf1 Re4 32. Qh3 fxe3 33. Rxe3 Rxe3+ 34. fxe3 Qg6 35. Rh1 Qc2+ 36. Kf3 Qe4+ 37. Kf2 Qc2+ 38. Kf3 Qe4+ 39. Kf2 1/2-1/2

[Event "Chesterfield SPICE Cup op 18th"]
[Site "Chesterfield"]
[Date "2024.10.17"]
[Round "8"]
[White "Hoffman, Luc"]
[Black "Shangin, Lev"]
[Result "1/2-1/2"]
[WhiteElo "2088"]
[BlackElo "2048"]
[PlyCount "65"]
[EventDate "2024.10.13"]
[EventType "swiss"]
[EventRounds "9"]
[EventCountry "USA"]
[SourceTitle "CB43_2024"]
[Source "Chessbase"]
[SourceDate "2024.10.23"]
[SourceVersion "1"]
[SourceVersionDate "2024.10.23"]
[SourceQuality "1"]

1. d4 Nf6 2. Nf3 d5 3. a3 e6 4. e3 c5 5. dxc5 Bxc5 6. c4 0-0 7. Be2 dxc4 8. Bxc4 Qxd1+ 9. Kxd1 Rd8+ 10. Ke2 a6 11. b4 Be7 12. Bb2 b5 13. Bd3 Bb7 14. Nbd2 Nbd7 15. Rhd1 Rac8 16. e4 Nb6 17. Rac1 Na4 18. Ba1 Kf8 19. Nd4 Nb6 20. f3 Bd6 21. e5 Nfd5 22. g3 Be7 23. N4b3 Na4 24. Ne4 Ndb6 25. Bd4 Rxc1 26. Rxc1 Nc4 27. Ra1 Ncb2 28. Bxb2 Nxb2 29. Bc2 Rc8 30. Bd3 Na4 31. Rc1 Rxc1 32. Nxc1 Bd5 33. Kd2 1/2-1/2

[Event "Chesterfield SPICE Cup op 18th"]
[Site "Chesterfield"]
[Date "2024.10.14"]
[Round "2"]
[White "Antova, Gabriela"]
[Black "Shangin, Lev"]
[Result "0-1"]
[WhiteElo "2224"]
[BlackElo "2048"]
[PlyCount "96"]
[EventDate "2024.10.13"]
[EventType "swiss"]
[EventRounds "9"]
[EventCountry "USA"]
[SourceTitle "CB43_2024"]
[Source "Chessbase"]
[SourceDate "2024.10.23"]
[SourceVersion "1"]
[SourceVersionDate "2024.10.23"]
[SourceQuality "1"]

1. Nf3 Nf6 2. g3 b5 3. Bg2 Bb7 4. 0-0 c5 5. b3 e6 6. c4 b4 7. d4 cxd4 8. Qxd4 Be7 9. Bb2 0-0 10. Rd1 d6 11. a3 Nc6 12. Qf4 Qa5 13. h3 Rfd8 14. e4 e5 15. Qe3 Qb6 16. Qe2 a5 17. Nbd2 Nb8 18. axb4 axb4 19. Rxa8 Bxa8 20. Kh2 Na6 21. Nh4 g6 22. Ra1 Nc5 23. Qe3 Nh5 24. Nhf3 Ng7 25. Ne1 Bf6 26. h4 Nge6 27. Nd3 Qc7 28. Nxb4 Nd4 29. Bxd4 exd4 30. Qf3 Bg7 31. Nd3 f5 32. Nxc5 dxc5 33. Qd3 f4 34. Bh3 Qd6 35. Kg2 Re8 36. Qf3 fxg3 37. fxg3 Bh6 38. Ra7 Rf8 39. Rxa8 Rxa8 40. e5 Qd8 41. Be6+ Kh8 42. Ne4 Ra2+ 43. Kh3 Qf8 44. Nf6 Bg7 45. h5 Bxf6 46. exf6 Ra6 47. hxg6 Qh6+ 48. Kg2 Ra2+ 0-1

[Event "Chesterfield SPICE Cup op 18th"]
[Site "Chesterfield"]
[Date "2024.10.13"]
[Round "1"]
[White "Shangin, Lev"]
[Black "Park, Evan"]
[Result "0-1"]
[WhiteElo "2048"]
[BlackElo "2361"]
[PlyCount "56"]
[EventDate "2024.10.13"]
[EventType "swiss"]
[EventRounds "9"]
[EventCountry "USA"]
[SourceTitle "CB43_2024"]
[Source "Chessbase"]
[SourceDate "2024.10.23"]
[SourceVersion "1"]
[SourceVersionDate "2024.10.23"]
[SourceQuality "1"]

1. d4 Nf6 2. c4 b6 3. Nc3 Bb7 4. Nf3 e6 5. a3 g6 6. g3 Bxf3 7. exf3 d5 8. cxd5 Nxd5 9. Bg2 c6 10. 0-0 Bg7 11. Nxd5 cxd5 12. Bf4 Qd7 13. Rc1 Nc6 14. Be3 Na5 15. Re1 0-0 16. Bf1 Rac8 17. Ba6 Rxc1 18. Bxc1 b5 19. Qd3 Rb8 20. Qc3 Nc6 21. Be3 Rb6 22. a4 bxa4 23. Bf1 Rb3 24. Qc5 Bf8 25. Qc2 e5 26. dxe5 Nxe5 27. Bg2 d4 28. f4 Nd3 0-1

[Event "New York Marshall op"]
[Site "New York"]
[Date "2024.10.06"]
[Round "4"]
[White "Marzouq, Chowdhury"]
[Black "Shangin, Lev"]
[Result "0-1"]
[WhiteElo "1948"]
[BlackElo "2048"]
[PlyCount "88"]
[EventDate "2024.10.05"]
[EventType "swiss"]
[EventRounds "5"]
[EventCountry "USA"]
[SourceTitle "CB45_2024"]
[Source "ChessBase"]
[SourceDate "2024.11.06"]
[SourceVersion "1"]
[SourceVersionDate "2024.11.06"]
[SourceQuality "1"]

1. d4 Nf6 2. Nf3 d5 3. Bf4 c5 4. e3 Nc6 5. Nbd2 Bf5 6. dxc5 e6 7. Nd4 Bxc5 8. Nxf5 exf5 9. Bd3 Ne4 10. 0-0 0-0 11. a3 a6 12. Bxe4 fxe4 13. c4 dxc4 14. Nxc4 Qe7 15. Bd6 Bxd6 16. Qxd6 Rfd8 17. Qxe7 Nxe7 18. Rfd1 b5 19. Nb6 Rab8 20. Nd7 Rbc8 21. Nc5 Rxd1+ 22. Rxd1 f5 23. Nxa6 Rc2 24. Rb1 Nd5 25. Kf1 f4 26. Nb4 Nxb4 27. axb4 fxe3 28. fxe3 Kf7 29. Rd1 Ke6 30. Rd4 Ke5 31. Rd7 Rc1+ 32. Kf2 Rc2+ 33. Kg3 Re2 34. Rxg7 Rxe3+ 35. Kf2 Rb3 36. Rg5+ Kf4 37. Rxb5 Rxb2+ 38. Kf1 Ke3 39. g4 Rxh2 40. Rh5 Rxh5 41. gxh5 Kd2 42. b5 e3 43. b6 e2+ 44. Kg2 e1Q 0-1

[Event "New York Marshall CC op-B"]
[Site "New York"]
[Date "2024.09.07"]
[Round "2"]
[White "Shangin, Lev"]
[Black "Muthukumar, Haari"]
[Result "1/2-1/2"]
[WhiteElo "1974"]
[BlackElo "2183"]
[PlyCount "57"]
[EventDate "2024.09.07"]
[EventType "swiss"]
[EventRounds "5"]
[EventCountry "USA"]
[SourceTitle "EXT 2025"]
[Source "ChessBase"]
[SourceDate "2024.10.14"]
[SourceVersion "1"]
[SourceVersionDate "2024.10.14"]
[SourceQuality "1"]

1. d4 e6 2. c4 b6 3. Nf3 Bb7 4. g3 Bb4+ 5. Bd2 Bxf3 6. exf3 Bxd2+ 7. Qxd2 Nf6 8. Bg2 d5 9. cxd5 Nxd5 10. 0-0 Nc6 11. Nc3 Nce7 12. f4 0-0 13. Rac1 Rc8 14. Nxd5 Nxd5 15. Rc2 Qd6 16. Rfc1 c6 17. Rc4 Ne7 18. Qc3 h5 19. Bxc6 Rxc6 20. Rxc6 Nxc6 21. Qxc6 Qxd4 22. Qc3 Qd5 23. Qc4 Qd2 24. Qc3 Qd5 25. Qc4 Qf3 26. Qc3 Qe2 27. Qe5 Qf3 28. Qc3 Qd5 29. Qc4 1/2-1/2

[Event "New York Marshall Labor Day Schev"]
[Site "New York"]
[Date "2024.09.02"]
[Round "8.5"]
[White "Almeida Saenz, Alfonso"]
[Black "Shangin, Lev"]
[Result "1-0"]
[WhiteElo "2202"]
[BlackElo "1974"]
[PlyCount "41"]
[EventDate "2024.08.29"]
[EventType "schev"]
[EventRounds "9"]
[EventCountry "USA"]
[SourceTitle "EXT 2025"]
[Source "ChessBase"]
[SourceDate "2024.10.14"]
[SourceVersion "1"]
[SourceVersionDate "2024.10.14"]
[SourceQuality "1"]

1. c4 e5 2. Nc3 Nf6 3. Nf3 Nc6 4. e4 h6 5. d4 d6 6. h3 g6 7. Be3 exd4 8. Nxd4 Bg7 9. Nxc6 bxc6 10. Qd2 Qe7 11. Bd3 a5 12. 0-0 Nd7 13. Be2 h5 14. Rac1 0-0 15. b3 Nc5 16. Bf3 Be5 17. Rfe1 Ne6 18. Bd1 Qh4 19. Ne2 g5 20. Nd4 Nxd4 21. Bxg5 1-0

[Event "New York Marshall Labor Day Schev"]
[Site "New York"]
[Date "2024.09.01"]
[Round "7.2"]
[White "Podavonov, Alisher"]
[Black "Shangin, Lev"]
[Result "1-0"]
[WhiteElo "2140"]
[BlackElo "1974"]
[PlyCount "107"]
[EventDate "2024.08.29"]
[EventType "schev"]
[EventRounds "9"]
[EventCountry "USA"]
[SourceTitle "EXT 2025"]
[Source "ChessBase"]
[SourceDate "2024.10.14"]
[SourceVersion "1"]
[SourceVersionDate "2024.10.14"]
[SourceQuality "1"]

1. d4 Nf6 2. c4 e6 3. Nc3 Bb4 4. e3 0-0 5. Nge2 Re8 6. g3 d5 7. cxd5 Qxd5 8. Rg1 e5 9. Bg2 Qd6 10. a3 Ba5 11. dxe5 Qxe5 12. Qd4 Qe7 13. Qa4 Bb6 14. Bd2 Nbd7 15. 0-0-0 Nc5 16. Qc2 c6 17. Be1 Bg4 18. Rd2 Bh5 19. Nf4 Bg6 20. Nxg6 hxg6 21. Kb1 Qe6 22. Rd1 Rad8 23. Bd2 Qf5 24. f3 Qxc2+ 25. Kxc2 Nd3 26. Bf1 Ne5 27. Be2 Ned7 28. Kd3 Nf8+ 29. Kc2 Rd7 30. Rg2 Bxe3 31. Be1 Bb6 32. Rxd7 N8xd7 33. Na4 Nd5 34. Bd2 Be3 35. Bb4 N7b6 36. Kb3 Nxa4 37. Kxa4 b5+ 38. Kb3 c5 39. Ba5 c4+ 40. Ka2 Bd4 41. Bd2 a6 42. f4 Nb6 43. Bd1 Nd5 44. Bf3 Nb6 45. Bb7 Na4 46. Bxa6 Ra8 47. Bxb5 Rb8 48. Be3 Rxb5 49. Bxd4 Rd5 50. Rd2 Rb5 51. Rc2 Nc5 52. Bxc5 Rxc5 53. a4 Kf8 54. Ka3 1-0

[Event "New York Marshall Labor Day Schev"]
[Site "New York"]
[Date "2024.08.30"]
[Round "3.1"]
[White "Rohde, Michael A"]
[Black "Shangin, Lev"]
[Result "1-0"]
[WhiteElo "2280"]
[BlackElo "1974"]
[PlyCount "55"]
[EventDate "2024.08.29"]
[EventType "schev"]
[EventRounds "9"]
[EventCountry "USA"]
[SourceTitle "EXT 2025"]
[Source "ChessBase"]
[SourceDate "2024.10.14"]
[SourceVersion "1"]
[SourceVersionDate "2024.10.14"]
[SourceQuality "1"]

1. Nf3 Nf6 2. c4 e6 3. Nc3 d5 4. d4 Bb4 5. e3 Bxc3+ 6. bxc3 c5 7. Bd3 Qc7 8. cxd5 exd5 9. 0-0 c4 10. Bb1 0-0 11. Ne5 Ne4 12. Ba3 Rd8 13. Qh5 Nc6 14. Nxc6 Qxc6 15. f3 Nf6 16. Qh4 Re8 17. Re1 b6 18. Bc2 Bb7 19. Re2 g6 20. Rae1 Re6 21. e4 Rae8 22. e5 Nh5 23. f4 Ng7 24. g4 Bc8 25. Rg2 Qd7 26. f5 Rc6 27. f6 Ne6 28. Qh6 1-0